7 Most Successful North American Teams at the World Cup - Statistics

General Stats
  • This quiz has been taken 39 times
  • The average score is 7 of 7
Answer Stats
Points Team % Correct
66 Mexico
100%
23 Costa Rica
97%
3 Jamaica
97%
35 USA
97%
3 Honduras
94%
4 Cuba
89%
1 Trinidad and Tobago
83%
No matching quizzes found
Score Distribution
Percent of People with Each Score
Percentile by Number Answered
Your Score History
You have not taken this quiz